MARC

LEADER 00000nab a2200000 ar4500
001 vtls011734590
003 SK-MaSNL
005 20260303213714.0
008 180105c2017 xo wr|p|||||||000 b|slo
038 |a PPPK 
040 |a PPPKCL  |b slo  |c PPPKCL  |e AACR2 
041 0 |a slo 
044 |a xo  |c SK 
080 |a 796.412.2  |2 2011 
245 0 0 |a Víťazstvá Gulovej a Handulovej 
500 |a Autor článku nie je uvedený. 
600 1 7 |a Gulová, Natália  |2 pppkcl  |9 1247901 
600 1 7 |a Handulová, Rebeka  |2 pppkcl  |9 1247897 
610 2 7 |a Školské športové stredisko Gy-ta (Poprad, Slovensko)  |2 pppkcl  |9 54965 
611 2 7 |a Majstrovstvá Slovenskej republiky v športovej gymnastike v kategórii dievčat  |d (2017 :  |c Liptovský Mikuláš, Slovensko)  |2 pppkcl  |9 1247914 
648 7 |a 25.11.2017  |2 pppkcl  |9 1086898 
650 0 7 |a šport  |2 pppkcl  |9 1042 
650 0 7 |a športová gymnastika  |2 pppkcl  |9 769 
651 7 |a Poprad (Slovensko)  |2 pppkcl  |9 20155 
651 7 |a Liptovský Mikuláš (Slovensko)  |2 pppkcl  |9 36847 
773 0 |t Podtatranské noviny  |g Roč. LVII, č. 49 (2017), s. 5  |x 1210-2423 
852 |a PPPK  |b KIS3GCP 
999 |c 2213513  |d 2215443